Statistiken für Wo spielt´s?

Klicken Sie hier um das Quiz zu spielen!

Allgemein

  • Dieses Quiz wurde 46 mal gespielt
  • Das Durchschnittsergebnis liegt bei 3 aus 15

Antwortstatistiken

Film/SerieOrt% Korrekt
How I met your motherNew York City
83%
RatatouilleParis
83%
Die drei ???Rocky Beach
33%
ParasiteSeoul
33%
La La LandLos Angeles
31%
The BearChicago
24%
ZodiacSan Francisco
19%
DexterMiami
14%
Stranger ThingsHawkins
7%
DarkWinden
7%
ArcanePiltover
5%
Pretty little liarsRosewood
5%
CommunityGreendale
2%
The White LotusHawaii, Sizilien
0%
Meisterdetektiv PikachuRyme City
0%

Verteilung der Resultate

Perzentil nach korrekt beantworteten Fragen

Anzahl Personen mit jedem Resultat

Ihre Resultats-Entwicklung

Sie haben dieses Quiz noch nicht gespielt